Library Banner

پنجاب (Record no. 69735)

MARC details
000 -LEADER
fixed length control field 00498nam a22001457a 4500
005 - DATE AND TIME OF LATEST TRANSACTION
control field 20150408111328.0
008 - FIXED-LENGTH DATA ELEMENTS--GENERAL INFORMATION
fixed length control field 150408b xxu||||| |||| 00| 0 eng d
040 ## - CATALOGING SOURCE
Transcribing agency PK-LaUMT
082 ## - DEWEY DECIMAL CLASSIFICATION NUMBER
Classification number KHC 297.80954914
Item number MCL-P
100 ## - MAIN ENTRY--PERSONAL NAME
Personal name میکلیگن، ای ڈی
245 ## - TITLE STATEMENT
Title پنجاب
Remainder of title مزہبی فرقوں اور صوفی سلسلوں کا انسائیکلوپیڈیا
Statement of responsibility, etc ای ڈی مکلیگن ، ایچ اے روز
260 ## - PUBLICATION, DISTRIBUTION, ETC. (IMPRINT)
Place of publication, distribution, etc لاہور
Name of publisher, distributor, etc بک ہوم
Date of publication, distribution, etc 2006
300 ## - PHYSICAL DESCRIPTION
Extent 256 ص
942 ## - ADDED ENTRY ELEMENTS (KOHA)
Koha item type Books
Holdings
Withdrawn status Lost status Damaged status Home library Current library Date acquired Full call number Barcode Date last seen Price effective from Koha item type
      UMT Main Campus UMT Main Campus 2015-04-08 KHC 297.80954914 MCL-P 74470 2015-04-08 2015-04-08 Books